000 00886nam a2200229Ii 4500
003 JO-AjNU
008 230605s9999||||xx |||||||||||||| ||und||
020 _a1-56564-309-7
040 _aJO-AjNU
_bara
_erda
_cJO-AjNU
041 _aara
050 1 4 _aBP172.L23 2007
100 3 _aاللافي، محمد الفاضل بن علي,
_eauthor
_952529
245 0 0 _aدراسة العقائد النصرانية منهجية ابن تيمية ورحمت الله الهندي
250 _aط1
264 3 1 _aفيرجينيا: المعهد العالمي للفكر الاسلامي، 2007
300 _a527ص
_bفهرس المصادر والمراجع ص 520-527
336 _atext
_btxt
_2rdacontent
337 _aunmediated
_bn
_2rdamedia
338 _avolume
_bnc
_2rdacarrier
490 0 _aدراسة منهجية مقارنة
650 4 _aالاسلام والمسيحية
_952530
999 _aA23275
_c26843
_d26843